Devinez la Capitale Mystère #100 - Statistiques

Statistiques générales
  • Ce quiz a été pris 151 fois
  • Le résultat moyen est 32 sur 34
Statistiques - réponses
Type de Réponse Réponse % Correct
Lettre Trouvée A
100%
Lettre Trouvée E
100%
Lettre Trouvée L
100%
Lettre de l'Alphabet N
100%
Lettre Trouvée I
99%
Lettre de l'Alphabet P
98%
Lettre Trouvée R
98%
Lettre de l'Alphabet S
98%
Lettre de l'Alphabet U
98%
Lettre de l'Alphabet B
96%
Lettre de l'Alphabet D
96%
Lettre de l'Alphabet G
96%
Lettre Bien Placée L
96%
Lettre de l'Alphabet O
96%
Lettre de l'Alphabet T
96%
Lettre Bien Placée A
95%
Lettre de l'Alphabet V
95%
Lettre Trouvée C
94%
Lettre de l'Alphabet H
94%
Lettre de l'Alphabet M
94%
Lettre Bien Placée E
93%
Lettre Bien Placée I
93%
Lettre de l'Alphabet K
91%
Lettre de l'Alphabet Y
91%
Lettre de l'Alphabet Z
91%
Lettre de l'Alphabet W
90%
Lettre de l'Alphabet X
90%
Lettre de l'Alphabet J
88%
Lettre de l'Alphabet Q
88%
Lettre Bien Placée R
88%
Lettre de l'Alphabet F
87%
Lettre Bien Placée C
86%
Lettre Bien Placée E
86%
Capitale Mystère Le Caire
86%
Aucun quiz correspondant
Distribution des résultats
% des personnes avec chaque résultat
Percentile par nombre de réponses
Votre historique - résultats
Vous n’avez pas pris ce quiz